Les branches du Judaïsme - Statistiques

Statistiques générales
  • Ce quiz a été pris 30 fois
  • Le résultat moyen est 3 sur 11
Statistiques - réponses
Branches % Correct
Judaïsme orthodoxe
93%
Judaïsme libéral
64%
Haredim
32%
Judaïsme conservateur
32%
Hassidisme
25%
Samaritanisme
18%
Karaïsme
14%
Beta Israel
7%
Judaïsme messianique
4%
Judaïsme reconstructionniste
0%
Orthodoxie moderne
0%
Aucun quiz correspondant
Distribution des résultats
% des personnes avec chaque résultat
Percentile par nombre de réponses
Votre historique - résultats
Vous n’avez pas pris ce quiz